000 02398nam0a2200433 4500
001 RU\NLR\BIBL_A\012650781
005 20220210132319.0
010 _a978-5-9765-4541-0
_9500
021 _aRU
_bКН-П-21-050496
_9КН-П-21-3969
035 _a(NLR Aleph) 012650781
090 _a12725722
_c12725722
100 _a20211125d2021 k y0rusy50 ca
101 0 _arus
102 _aRU
105 _aac z 000zy
181 0 _ai
_baxxe
182 0 _an
200 1 _aОсновы композиторской лингводидактики проекта "Галерея нотных портретов" композитора С. С. Коренблита
_eпрактико-ориентированная монография
_fС. П. Орловский
_gИнститут культуры неостановленного саморазвтия человека
203 _aТекст
_bвизуальный
_cнепосредственный
210 _aМосква
_cФлинта
_d2021
215 _a614, [2] с.
_cил., портр.
_d24
_e2 электрон. опт. диска (DVD)
320 _aБиблиогр. в подстроч. примеч.
600 1 _aНадсон
_bС. Я.
_gСемен Яковлевич
_f1862 - 1887
_xи музыка
_2nlr_sh2
_3RU\NLR\AUTH\6601699726
600 1 _aЛермонтов
_bМ. Ю.
_gМихаил Юрьевич
_f1814 - 1841
_xи музыка
_2nlr_sh2
_3RU\NLR\AUTH\6601566121
600 1 _aЦветаева
_bМ. И.
_gМарина Ивановна
_f1892 - 1941
_xи музыка
_2nlr_sh2
_3RU\NLR\AUTH\6601699727
604 _1700#1$aКоренблит$bС. С.$gСтанислав Соломонович$f1957
_15011#$aВокальные произведения$2nlr_sh2$3RU\NLR\AUTH\6601698836
686 1 _aЩ313(2Р=Рус)7-81Коренблит444
686 2 _aШ5(2=Р)52-4Надсон
686 2 _aШ5(2=Р)51-4Лермонтов86
686 2 _aШ5(2=Р)53-4Цветаева
700 1 _aОрловский
_bС. П.
_f1953-
_gСергей Павлович
702 1 _aКоренблит
_bС. С.
_f1957-
_gСтанислав Соломонович
_4570
942 _cBOOK
980 _aNB